Hantu pocong

Bibliographic Details
Main Author: Nik Amirul Mu'min Nik Amin
Format: Book
Published: Selangor : Hasrat Murni , 2005
Series:Himpunan cerita-cerita seram
Subjects:

MARC

LEADER 00000cam a2200000 7i4500
001 0000000881
005 20151222.0
008 070703
020 |a 9830602362 
020 |a 9830602400(set) 
090 0 0 |a JF   |b AD MAL (1045) 
100 0 |a Nik Amirul Mu'min Nik Amin 
245 1 0 |a Hantu pocong   |c Nik Amirul Mu'min Nik Amin 
260 |a Selangor :   |b Hasrat Murni ,   |c 2005 
440 |a Himpunan cerita-cerita seram 
500 |a Children ages 7-9 years old (orange) 
650 0 |a Ghost stories, Malay 
650 0 |a Malay fiction 
999 |a 0000921395   |b Book   |c Children Collection   |e Cawangan Bukit Gambir 
999 |a 0000955269   |b Book   |c Children Collection   |e Perbadanan Perpustakaan Awam Johor 
999 |a 0000955270   |b Book   |c Children Collection   |e Perbadanan Perpustakaan Awam Johor 
999 |a 0000955272   |b Book   |c Children Collection   |e Perbadanan Perpustakaan Awam Johor 
999 |a 0000955273   |b Book   |c Children Collection   |e Perbadanan Perpustakaan Awam Johor 
999 |a 0000955790   |b Book   |c Children Collection   |e Cawangan Segamat 
999 |a 0001051885   |b Book   |c Children Collection   |e Cawangan Segamat